| Tag |
First Indicator |
Second Indicator |
Subfields |
| LEADER |
00000cam a2200000Ka 4500 |
| 001 |
in00002678721 |
| 005 |
20200702104519.0 |
| 008 |
101209s1785 mx l f000 0 spa d |
| 035 |
|
|
|a (OCoLC)ocn960216211
|
| 040 |
|
|
|a TXA
|b eng
|c TXA
|
| 035 |
|
|
|a (OCoLC)960216211
|
| 043 |
|
|
|a n-mx---
|
| 050 |
|
4 |
|a KGF3206.A311785
|b A4 1785
|
| 049 |
|
|
|a TXAM
|
| 110 |
1 |
|
|a New Spain.
|b Viceroy (1785-1786 : Bernardo de Gálvez)
|
| 245 |
1 |
0 |
|a Habiendo resuelto la Real Audiencia Gobernadora con Pedimento del Señor Fiscal de Real Hacienda, que sin embargo de qualesquiera costumbre (que se declara abuso ó corruptela) á ningun Arriero, Conductor ni Carretero, bien sea de Sales ...
|
| 264 |
|
1 |
|a México :
|b [publisher not identified],
|c 1785.
|
| 300 |
|
|
|a 4 unnumbered pages on 1 folded sheet ;
|c 30 X 22
|
| 336 |
|
|
|a text
|b txt
|2 rdacontent
|
| 337 |
|
|
|a unmediated
|b n
|2 rdamedia
|
| 338 |
|
|
|a volume
|b nc
|2 rdacarrier
|
| 500 |
|
|
|a Title from beginning of text.
|
| 500 |
|
|
|a Signed (with rubric): El Conde de Galvez.
|
| 500 |
|
|
|a Dated: México 12 de Julio de 1785.
|
| 500 |
|
|
|a Printed text on first page only.
|
| 500 |
|
|
|a Decorative capitals.
|
| 500 |
|
|
|a Printed with signatures.
|
| 520 |
|
|
|a Rules and penalties for employees/officials of the Real Hacienda.
|
| 536 |
|
|
|a This catalog record was made possible with a grant from the Council on Library and Information Resources (CLIR) Cataloging Hidden Special Collections and Archives program
|c 41100623
|
| 500 |
|
|
|a The Cushing Library/Colonial Mexican imprint copy has an additional signature by the Alcalde of Tecali and manuscript on page [3].
|5 TXA
|
| 610 |
1 |
0 |
|a New Spain.
|b Real Hacienda
|x Officials and employees
|x Discipline.
|
| 651 |
|
0 |
|a Mexico
|x Politics and government
|y 1540-1810
|v Sources.
|
| 651 |
|
0 |
|a Spain
|x Colonies
|x Administration
|v Sources.
|
| 655 |
|
7 |
|a Administrative regulations.
|2 rbgenr
|
| 655 |
|
7 |
|a Legal instruments.
|2 rbgenr
|
| 655 |
|
7 |
|a Proclamations.
|2 rbgenr
|
| 700 |
1 |
|
|a Gálvez, Bernardo de,
|d 1746-1786.
|
| 752 |
|
|
|a Mexico
|d Mexico City.
|
| 948 |
|
|
|a cataloged
|b h
|c 2016/10/10
|d o
|e fpiscitelli
|f 4:32:43 pm
|
| 994 |
|
|
|a C0
|b TXA
|
| 999 |
f |
f |
|s 00466c32-85f4-3cc5-a8bb-52c9f0e94078
|i 9698869d-5f47-3404-9c34-1d02d893c455
|t 0
|
| 952 |
f |
f |
|p noncirc
|a Texas A&M University
|b College Station
|c Cushing Memorial Library & Archives
|d Cushing: Colonial Mexican Imprints (Does not check out)
|t 0
|e KGF3206.A311785 A4 1785
|f Flat File
|h Library of Congress classification
|i unmediated -- volume
|
| 998 |
f |
f |
|a KGF3206.A311785 A4 1785
|t 0
|l Cushing: Colonial Mexican Imprints (Does not check out)
|